| 000 | 00457cam a22001337a 4500 | ||
|---|---|---|---|
| 008 | 180718b2009 xxu||||| |||| 00| 0 eng d | ||
| 020 | _a0198060777 | ||
| 082 | _aHx5 As42 | ||
| 245 |
_aSearching for success in judicial reform: voices from the Asia pacific experience _cby Asia Pacific Judicial Reform Forum |
||
| 260 |
_aNew Delhi _bOxford _c2009 |
||
| 300 | _a330p. | ||
| 650 | _aJudical Reform --Asia Pacific | ||
| 700 | _aAsia Pacific Judicial Reform Forum | ||
| 999 |
_c413753 _d413753 |
||